Código civil

שמור ב:
מידע ביבליוגרפי
מחבר ראשי: Barrientos Grandón, Javier
פורמט: לא ידוע
שפה:אנגלית
יצא לאור: Santiago, Chile Thomson Reuters 2021
מהדורה:Vigésima primera edición
סדרה:Colección 2021
נושאים:
תגים: הוספת תג
אין תגיות, היה/י הראשונ/ה לתייג את הרשומה!

MARC

LEADER 00000 a2200000 4500
003 CL-VaPUC
005 20220329102227.0
008 210615b ||||| |||| 00| 0 eng d
999 |c 433062  |d 433060 
020 |a 9789564001852 
040 |c Pontificia Universidad Católica de Valparaíso 
082 |a 346.83 BAR 2021  |2 22 
100 1 |a Barrientos Grandón, Javier   |9 814192 
245 |a Código civil  
250 |a Vigésima primera edición  
260 |a Santiago, Chile   |b Thomson Reuters  |c 2021 
300 |a 1232 páginas  
440 |a Colección 2021  |9 861459 
505 |a Anotaciones y concordancias Indice temático Títulos de artículos del cuerpo del código y de las normas del apéndice 
583 |k Cristina Rojas  |c 20210615 
650 0 |9 256135  |a Código civil  |z Chile  
650 0 |a Derecho civil  |9 255013  |z Chile  
942 |2 ddc  |c BK 
952 |0 0  |1 0  |2 ddc  |4 0  |6 346_830000000000000_BAR_2021  |7 0  |8 R  |9 578075  |a BIBDER  |b BIBDER  |d 2021-06-09  |e 31  |g 0.00  |i 5584299  |l 89  |m 1  |o 346.83 BAR 2021  |p 5584299  |q 2025-12-31  |r 2024-03-20  |s 2024-03-20  |t 1  |v 0.00  |w 2021-06-09  |y BK_R  |k DER